zpět

Detail výsledku týmu

Kozlovna S-klub, Olomouc

Datum a čas kvízu

24 Celkem bodů Celkový počet nahraných bodů na tomto kvízu bez doplňovacích otázek.
10. Pořadí na kvízu Konečné umístění týmu na tomto kvízu.

Zaznamenané odpovědi

# Otázka Odpověď Body Výsledky
1. Předseda Senátu Miloš Vystrčil... Běloruska 1
2. Které dva státy minulý týden v... Bulharsko, Rumunsko 0.5
3. Na Velký pátek se to v O<sub>2... Judas Priest 0
4. Minulý týden si žena na severu... s bambulí (od čepice) 1
5. Kterými slovy na KF se nazývá... kolem Flander 1
6. Věříme, že ovládáte velkou pal... Řecko 1
7. Kalaallit Nunaat, tak zní v mí... Dánsko 0
8. Vyberte zemi, jejíž zkratka ná... C 1
9. V Evropské unii žije momentáln... 1A 2C 3D 4B 1
10. Caerdydd je alternativní název... Cardiff 1